Горизонты науки: гипотезы, факты, открытия (Запись № 11752784)

Подробности
000 -МАРКЕР
контрольное поле 02404nam0a2200361 i 4500
001 - ИДЕНТИФИКАТОР ЗАПИСИ
контрольное поле RU\NLR\BIBL_A\011451032
005 - ИДЕНТИФИКАТОР ВЕРСИИ
контрольное поле 20260408125048.0
010 ## - МЕЖДУНАРОДНЫЙ СТАНДАРТНЫЙ НОМЕР КНИГИ (ISBN)
Номер (ISBN) 9785906917386
021 ## - НОМЕР ГОСУДАРСТВЕННОЙ РЕГИСТРАЦИИ
Код страны Российская Федерация
Номер 2017-50474
Номер Листа государственной регистраци 3623
035 ## - ДРУГИЕ СИСТЕМНЫЕ НОМЕРА
Идентификатор записи (RuMoRGB)008934379
035 ## - ДРУГИЕ СИСТЕМНЫЕ НОМЕРА
Идентификатор записи (NLR Aleph) 011451032
100 ## - ДАННЫЕ ОБЩЕЙ ОБРАБОТКИ
Данные общей обработки 20170808d2017 km y0rusy50 ca
101 0# - ЯЗЫК РЕСУРСА
Язык текста, звукозаписи и т.д. русский
102 ## - СТРАНА ПУБЛИКАЦИИ ИЛИ ПРОИЗВОДСТВА
Страна публикации Российская Федерация
105 ## - ПОЛЕ КОДИРОВАННЫХ ДАННЫХ: ТЕКСТОВЫЕ МАТЕРИАЛЫ, МОНОГРАФИЧЕСКИЕ
Кодированные данные о монографическом текстовом документе y|||z|||100zy
200 1# - ЗАГЛАВИЕ И СВЕДЕНИЯ ОБ ОТВЕТСТВЕННОСТИ
Основное заглавие Горизонты науки: гипотезы, факты, открытия
Сведения, относящиеся к заглавию материалы V Всероссийской с международным участием очно-заочной научно-исследовательской конференции педагогов, учащихся и студентов, Волгоград - Котово, 14-15 апреля 2016 г.
Первые сведения об ответственности [научный редактор М. А. Десятериченко]
210 ## - ПУБЛИКАЦИЯ, РАСПРОСТРАНЕНИЕ И ДР.
Место издания, распространения и т.д. Москва
Имя издателя, распространителя и т. д. Планета
Дата издания, распространения и т.д. 2017
215 ## - ФИЗИЧЕСКАЯ ХАРАКТЕРИСТИКА
Специфическое обозначение материала и объем 415 с.
Размеры 21
300 ## - ОБЩИЕ ПРИМЕЧАНИЯ
Текст примечания В надзаг.: ГАУ ДПО "Волгоград. гос. акад. последиплом. образования", ФГБОУ ВО "Волгоград. гос. аграр. ун-т", ФГБОУ ВО "Волгоград. гос. ун-т" [и др.]
320 ## - ПРИМЕЧАНИЯ О НАЛИЧИИ В ДОКУМЕНТЕ БИБЛИОГРАФИИ / УКАЗАТЕЛЯ
Текст примечания Библиогр. в конце ст.
606 ## - НАИМЕНОВАНИЕ ТЕМЫ КАК ПРЕДМЕТ
Наименование темы Школы
Формальный подзаголовок Съезды, совещания и т.п
Тематический подзаголовок Научно-исследовательская работа учащихся
Системный номер авторитетной/нормативной записи 2299077
Идентификатор авторитетной/нормативной записи RU\NLR\AUTH\661376556
606 1# - НАИМЕНОВАНИЕ ТЕМЫ КАК ПРЕДМЕТ
Наименование темы Педагогические технологии
Формальный подзаголовок Съезды, совещания и т.п
Тематический подзаголовок Средняя школа
Системный номер авторитетной/нормативной записи 2469853
Идентификатор авторитетной/нормативной записи RU\NLR\AUTH\661467008
686 ## - ИНДЕКСЫ ДРУГИХ КЛАССИФИКАЦИЙ
Индекс Ч30я431(2Р)
Код системы
686 1# - ИНДЕКСЫ ДРУГИХ КЛАССИФИКАЦИЙ
Индекс Ч421.268я431
686 1# - ИНДЕКСЫ ДРУГИХ КЛАССИФИКАЦИЙ
Индекс Ч421.2я431
702 #1 - ИМЯ ЛИЦА - ВТОРИЧНАЯ ОТВЕТСТВЕННОСТЬ
Начальный элемент ввода Десятериченко
Часть имени, кроме начального элемента ввода М. А.
Расширение инициалов личного имени Марина Александровна
Код отношения Редактор
711 12 - НАИМЕНОВАНИЕ ОРГАНИЗАЦИИ - АЛЬТЕРНАТИВНАЯ ОТВЕТСТВЕННОСТЬ
Начальный элемент ввода "Горизонты науки: гипотезы, факты, открытия", всероссийская с международным участием очно-заочная научно-исследовательская конференция педагогов, учащихся и студентов
Порядковый номер временной организации и / или порядковый номер ее части 5
Место проведения временной организации Волгоград/Котово
Дата проведения временной организации 2016
Системный номер авторитетной/нормативной записи 565912
Идентификатор авторитетной/нормативной записи RU\NLR\AUTH\880451125
942 ## - ДОПОЛНИТЕЛЬНЫЕ ЭЛЕМЕНТЫ ЗАПИСИ (АБИС)
Тип экземпляра АБИС Книга
980 ## - КОЛЛЕКЦИЯ
Название коллекции НБР

Нет доступных экземпляров.